header

Conservation biology (Record no. 36323)

MARC details
000 -LEADER
fixed length control field 01503nam a2200349 a 4500
082 04 - DEWEY DECIMAL CLASSIFICATION NUMBER
Classification number 333.720913
245 00 - TITLE STATEMENT
Title Conservation biology
260 ## - PUBLICATION, DISTRIBUTION, ETC. (IMPRINT)
Place of publication Chichester, West Sussex, U.K. :
Name of publisher Wiley-Blackwell,
Year of publication c2013.
300 ## - PHYSICAL DESCRIPTION
Number of Pages 1 online resource (xxiv, 264 p.) :
Other physical details ill. (some col.), maps, graph.
650 #0 - SUBJECT ADDED ENTRY--TOPICAL TERM
Topical Term Nature conservation
Topical Term Conservation biology
700 1# - ADDED ENTRY--PERSONAL NAME
Personal name Sodhi, Navjot S.
Personal name Gibson, Luke.
Personal name Raven, Peter H.
856 40 - ELECTRONIC LOCATION AND ACCESS
Uniform Resource Identifier http://site.ebrary.com/lib/rucke/Doc?id=10733328
588 ## -
-- Description based on online resource; title from title page (ebrary, viewed July 30, 2013).

No items available.

© 2026 Rongo University
Contact us: librarian | system librarian | Rongo university